[Event "Rumburk op"]
[Site "Rumburk"]
[Date "2005.07.06"]
[Round "4"]
[White "Klatil, Karel"]
[Black "Seifarth, Robert"]
[Result "1-0"]
[WhiteElo "2039"]
[BlackElo "2230"]
[PlyCount "95"]
[EventDate "2005.07.04"]
[EventType "swiss"]
[EventRounds "9"]
[EventCountry "CZE"]
[SourceTitle "EXT 2007"]
[Source "ChessBase"]
[SourceDate "2006.11.23"]
[SourceVersion "1"]
[SourceVersionDate "2006.11.23"]
[SourceQuality "1"]

1. c4 Nf6 2. Nc3 c5 3. Nf3 b6 4. g3 Bb7 5. Bg2 e5 6. 0-0 d6 7. e3 Nbd7 8. d4 Be7 9. b3 0-0 10. Bb2 a6 11. dxe5 dxe5 12. Qc2 Qc7 13. Rad1 Bc6 14. Nd5 Bxd5 15. cxd5 Bd6 16. Ng5 h6 17. Ne6 fxe6 18. dxe6 Rad8 19. exd7 b5 20. Rd2 Nxd7 21. Rfd1 Nb6 22. f4 exf4 23. exf4 c4 24. h3 Rfe8 25. Qg6 Bc5+ 26. Kh1 Rc8 27. Be4 Qf7 28. Qh7+ Kf8 29. Bg6 Qg8 30. Qxg8+ Kxg8 31. Bxe8 Rxe8 32. Be5 Kf7 33. Kg2 b4 34. bxc4 Nxc4 35. Rd7+ Ke6 36. Rd8 Re7 37. Re1 Kf7 38. Rc8 Nxe5 39. Rxc5 Nd3 40. Rxe7+ Kxe7 41. Ra5 Kd6 42. Rxa6+ Kc5 43. f5 Kc4 44. Kf3 Kc3 45. Ra7 Nc1 46. Rxg7 Nxa2 47. f6 b3 48. Rc7+ 1-0

[Event "Rumburk op"]
[Site "Rumburk"]
[Date "2005.07.05"]
[Round "2"]
[White "Seifarth, Robert"]
[Black "Mares, Otakar"]
[Result "1/2-1/2"]
[WhiteElo "2230"]
[BlackElo "1872"]
[PlyCount "65"]
[EventDate "2005.07.04"]
[EventType "swiss"]
[EventRounds "9"]
[EventCountry "CZE"]
[SourceTitle "EXT 2007"]
[Source "ChessBase"]
[SourceDate "2006.11.23"]
[SourceVersion "1"]
[SourceVersionDate "2006.11.23"]
[SourceQuality "1"]

1. Nf3 c5 2. g3 d5 3. Bg2 Nf6 4. 0-0 Nc6 5. d4 cxd4 6. Nxd4 Bd7 7. Bf4 Qb6 8. Nxc6 Bxc6 9. Be5 e6 10. a4 a5 11. e3 Be7 12. Nd2 0-0 13. Nb3 Nd7 14. Bd4 Qc7 15. Qg4 Bf6 16. Rfc1 Bxd4 17. Nxd4 Nf6 18. Qe2 Bd7 19. c4 Rac8 20. b3 Qe5 21. Rc2 dxc4 22. bxc4 Rc7 23. f4 Qc5 24. Qe1 Ng4 25. h3 e5 26. fxe5 Nxe5 27. Nb3 Qb6 28. Nd4 Rxc4 29. Rb1 Rb4 30. Rxb4 Qxb4 31. Qxb4 axb4 32. Rb2 Bxa4 33. Rxb4 1/2-1/2

[Event "Rumburk op"]
[Site "Rumburk"]
[Date "2005.07.05"]
[Round "3"]
[White "Seifarth, Robert"]
[Black "Travnicek, Jaroslav"]
[Result "1-0"]
[WhiteElo "2230"]
[BlackElo "1750"]
[PlyCount "47"]
[EventDate "2005.07.04"]
[EventType "swiss"]
[EventRounds "9"]
[EventCountry "CZE"]
[SourceTitle "EXT 2007"]
[Source "ChessBase"]
[SourceDate "2006.11.23"]
[SourceVersion "1"]
[SourceVersionDate "2006.11.23"]
[SourceQuality "1"]

1. Nf3 d5 2. g3 Nf6 3. Bg2 g6 4. c4 Bg7 5. cxd5 Nxd5 6. Nc3 Nxc3 7. bxc3 0-0 8. 0-0 Nd7 9. d4 Rb8 10. Bg5 Nf6 11. Ne5 Be6 12. Qc2 Nh5 13. Nd3 h6 14. Bd2 Qc8 15. Rfb1 Bc4 16. Rb4 b5 17. Rab1 Qe6 18. Nc5 Qd6 19. Bf3 Nf6 20. Bf4 Qb6 21. a4 a6 22. Rxc4 bxc4 23. Rxb6 Rxb6 24. Bxc7 1-0

[Event "CZE-chT2 9899"]
[Site "Czech Republic"]
[Date "1999.??.??"]
[Round "?"]
[White "Stehlik, Jiri"]
[Black "Seifarth, Robert"]
[Result "1/2-1/2"]
[WhiteElo "2150"]
[BlackElo "2180"]
[PlyCount "41"]
[EventDate "1998.??.??"]
[EventType "team-tourn"]
[EventRounds "11"]
[EventCountry "CZE"]
[SourceTitle "EXT 2000"]
[Source "ChessBase"]
[SourceDate "1999.11.16"]
[SourceVersion "1"]
[SourceVersionDate "1999.11.16"]
[SourceQuality "1"]

1. d4 Nf6 2. Nf3 e6 3. c4 b6 4. g3 Bb7 5. Bg2 d5 6. 0-0 Nbd7 7. Nc3 a6 8. cxd5 exd5 9. Bf4 Be7 10. Qb3 0-0 11. Ne5 c6 12. e4 c5 13. Nxd5 cxd4 14. Nxd7 Nxd5 15. Nxf8 Nxf4 16. gxf4 Bxf8 17. Rac1 a5 18. Rfd1 a4 19. Qc2 Bc5 20. b3 Qh4 21. Qd2 1/2-1/2